000 01072nam0a2200313 4500
001 RU\NLR\BIBL_A\011560555
005 20240921223513.0
010 _a9785170990825
_92000
021 _aRU
_b2017-91504
_96546
035 _a(RuMoRGB)009471481
035 _a(NLR Aleph) 011560555
090 _a12276423
_c12276423
100 _a20171218d2017 u y0rusy50 ca
101 1 _arus
_ceng
102 _aRU
105 _ay z 000ay
200 1 _aВидоизмененный углерод
_fРичард Морган
_g[перевод с английского: Сергей Саксин]
210 _aМосква
_cАСТ
_d2017
215 _a669, [2] с.
_d21
225 1 _aЗвезды научной фантастики
333 _a18+
686 _aШ5(4Вл)64-644.5
_2rubbk
686 1 _aШ6(4Вл)67-445{Лх1299-62}
700 1 _7ca
_8rus
_aМорган
_bР.
_f1965-
_gРичард
_9189755
_3RU\NLR\AUTH\770189806
942 _cBOOK
980 _aNBR